000 00577nam a2200193Ia 4500
003 OSt
005 20250627164053.0
008 210210b2000 xxu||||| |||| 00| 0 eng d
040 _cAL
041 _aKannada
082 _aK894.108 KARK
100 _aKARNATAKA SAHITYA AKADEMI
_dಕರ್ನಾಟಕ ಸಾಹಿತ್ಯ ಅಕಾಡೆಮಿ
_9216383
245 _aKunkuma bhumi.
_bಕುಂಕುಮ ಭೂಮಿ
260 _aBengaluru
_bKarnataka Sahithya Akademi.,
_c2000
300 _a248
690 _aKannada Poetry
_9216384
906 _aSG04210
942 _2ddc
_cBK
999 _c115132
_d115132